000 00547nam a2200229Ia 4500
003 OSt
005 20220924140927.0
006 a|||||r|||| 00| 0
007 ta
008 220923b |||||||| |||| 00| 0 ben d
024 _a296612
037 _cTextual
040 _aARTS
_cARTS
_bben
041 _2ben
_aben
082 _aO157,3N13x, K0
100 _aMitra
245 0 _aStree ascharitram
260 _c1960
650 _aBENGALI LITERATURE
942 _hO157,3N13x, K0
_cTEXL
_2CC
999 _c445728
_d445728